=LDR 00000nam 2200000 4500 =001 INLIS000000000033575 =005 20130612135524 =008 ***********************************ind** =035 ##$$0010-061300000033575 =041 ##$$a ind =082 ##$$a 654. 404 =090 ##$$a 654. 404, Min a =100 ##$$a Mingus, Nancy =245 ##$$a Acpha teach Yourself, Proyec manajement dalam 24 jam, Nancy Mingus, penerjemah, Triwibowo Budhi Santoso =260 ##$$a 2009 $b Jakarta =300 ##$$a vii, 455 hlm, 23 cm =650 ##$$a Manajemen - proyek =650 ##$$a Santoso, Triwibowo Budhi =850 ##$$a NBPNMAT